Every Song by Heart - Statistics

General Stats
  • This quiz has been taken 8 times
  • The average score is 14 of 174
Answer Stats
Album Song % Correct
Little Queen(1977) Barracuda
100%
Dreamboat Annie(1975) Dreamboat Annie
75%
Dreamboat Annie(1975) Dreamboat Annie (Fantasy Child)
75%
Dreamboat Annie(1975) Dreamboat Annie (Reprise)
75%
Bad Animals(1987) Bad Animals
63%
Dog & Butterfly(1978) Dog & Butterfly
63%
Little Queen(1977) Little Queen
63%
Dreamboat Annie(1975) Magic Man
63%
Bébé le Strange(1980) Bébé le Strange
50%
Dreamboat Annie(1975) Crazy on You
50%
Desire Walks On(1993) Desire
50%
Fanatic(2012) Fanatic
50%
Magazine(1977) Magazine
50%
Brigade(1990) All I Wanna Do Is Make Love to You
38%
Fanatic(Bonus)(2012) Beautiful Broken
38%
Desire Walks On(1993) Desire Walks On
38%
Heart(1985) Never
38%
Private Audition(1982) Private Audition
38%
Red Velvet Car(2010) Red Velvet Car
38%
Greatest Hits/Live(1980) Strange Euphoria
38%
The Road Home(1995) The Road Home
38%
The Road Home(1995) Alone
25%
Dog & Butterfly(1978) Cook with Fire
13%
Magazine(1977) Devil Delight
13%
Rock the House Live!(1991) If Looks Could Kill
13%
Beautiful Broken(2016) I Jump
13%
Little Queen(1977) Dream of the Archer
13%
Bébé le Strange(1980) Even It Up
13%
Magazine(1977) Heartless
13%
Passionworks(1983) How Can I Refuse?
13%
Little Queen(1977) Kick It Out
13%
Dog & Butterfly(1978) Nada One
13%
Heart(1985) Nothin' at All
13%
Bébé le Strange(1980) Rockin Heaven Down
13%
Heart(1985) Shell Shock
13%
Bébé le Strange(1980) Silver Wheels
13%
Dog & Butterfly(1978) Straight On
13%
Bébé le Strange(1980) Sweet Darlin'
13%
Bad Animals(1987) There's the Girl
13%
Fanatic(2012) 59 Crunch
0%
Dog & Butterfly(Bonus)(2004) A Little Bit
0%
Heart(1985) All Eyes
0%
Passionworks(1983) Allies
0%
Passionworks(1983) Ambush
0%
Private Audition(1982) America
0%
Fanatic(2012) A Million Miles
0%
Private Audition(1982) Angels
0%
Desire Walks On(1993) Anything Is Possible
0%
Desire Walks On(1993) Avalon (Reprise)
0%
Desire Walks On(1993) Back to Avalon
0%
Passionworks(1983) (Beat by) Jealousy
0%
Passionworks(1983) Blue Guitar
0%
Red Velvet Car(Bonus)(2010) Bootful of Beer
0%
Strange Euphoria(2012) Boppy's Back
0%
Bébé le Strange(1980) Break
0%
Alive in Seattle(2003) Break the Rock
0%
Private Audition(1982) Bright Light Girl
0%
Brigade(1990) Call of the Wild
0%
Private Audition(1982) City's Burning
0%
Red Velvet Car(Bonus)(2010) Closer to the Sun
0%
Fanatic(2012) Corduroy Road
0%
Brigade(1990) Cruel Nights
0%
Brigade(Bonus)(1990) Cruel Tears
0%
Little Queen(1977) Cry to Me
0%
Fanatic(2012) Dear Old America
0%
Red Velvet Car(2010) Death Valley
0%
Bébé le Strange(1980) Down on Me
0%
Jupiters Darling(2004) Down the Nile
0%
Bad Animals(1987) Easy Target
0%
Jupiters Darling(2004) Enough
0%
Brigade(1990) Fallen from Grace
0%
Jupiters Darling(2004) Fallen Ones
0%
Private Audition(1982) Fast Times
0%
Dog & Butterfly(Bonus)(2004) Feels
0%
Little Queen(1977) Go On Cry
0%
Passionworks(1983) Heavy Heart
0%
Jupiters Darling(2004) Hello Moonglow
0%
Magazine(1977) Here Song
0%
Private Audition(1982) Hey Darlin Darlin
0%
Red Velvet Car(2010) Hey You
0%
Strange Euphoria(2012) High Romance
0%
Dog & Butterfly(1978) High Time
0%
Dog & Butterfly(1978) Hijinx
0%
Greatest Hits/Live(1980) Hit Single
0%
Dreamboat Annie(1975) How Deep It Goes
0%
Brigade(1990) I Didn't Want to Need You
0%
Jupiters Darling(2004) I Give Up
0%
Brigade(1990) I Love You
0%
Jupiters Darling(2004) I'm Fine
0%
Jupiters Darling(2004) I Need the Rain
0%
Red Velvet Car(Bonus)(2010) In the Cool
0%
Desire Walks On(1993) In Walks the Night
0%
Brigade(1990) I Want Your World to Turn
0%
Bad Animals(1987) I Want You So Bad
0%
Bébé le Strange(Bonus)(2004) Jackleg Man
0%
Passionworks(1983) Johnny Moon
0%
Magazine(1977) Just the Wine
0%
Desire Walks On(Bonus)(1993) La Mujer Que Hay en Mi
0%
Passionworks(1983) Language of Love
0%
Jupiters Darling(2004) Led to One
0%
Dog & Butterfly(1978) Lighter Touch
0%
Red Velvet Car(Bonus)(2010) Listening
0%
Jupiters Darling(2004) Lost Angel
0%
Little Queen(1977) Love Alive
0%
Dreamboat Annie(1975) (Love Me Like Music) I'll Be Your Song
0%
Passionworks(1983) Love Mistake
0%
Strange Euphoria(2012) Love or Madness
0%
Strange Euphoria(2012) Lucky Day
0%
Jupiters Darling(2004) Make Me
0%
Fanatic(2012) Mashallah!
0%
Dog & Butterfly(1978) Mistral Wind
0%
Jupiters Darling(2004) Move On
0%
Desire Walks On(1993) My Crazy Head
0%
Brigade(Bonus)(1990) Never Stop Loving You
0%
Heart(1985) Nobody Home
0%
Jupiters Darling(2004) No Other Love
0%
Jupiters Darling(2004) Oldest Story in the World
0%
Private Audition(1982) One Word
0%
Fanatic(2012) Pennsylvania
0%
Private Audition(1982) Perfect Stranger
0%
Bébé le Strange(1980) Pilot
0%
Red Velvet Car(2010) Queen City
0%
Desire Walks On(1993) Rage
0%
Bébé le Strange(1980) Raised on You
0%
Fanatic(2012) Rock Deep (Vancouver)
0%
Bad Animals(1987) RSVP
0%
Red Velvet Car(2010) Safronia's Mark
0%
Little Queen(1977) Say Hello
0%
Brigade(1990) Secret
0%
Strange Euphoria(2012) She Still Believes
0%
Dreamboat Annie(1975) Sing Child
0%
Alive in Seattle(2003) Sister Wild Rose
0%
Fanatic(2012) Skin and Bones
0%
Strange Euphoria(2012) Skin to Skin
0%
Passionworks(1983) Sleep Alone
0%
Dreamboat Annie(1975) Soul of the Sea
0%
Brigade(1990) Stranded
0%
Bébé le Strange(1980) Strange Night
0%
Bad Animals(1987) Strangers of the Heart
0%
Red Velvet Car(2010) Sunflower
0%
Little Queen(1977) Sylvan Song
0%
Brigade(1990) Tall, Dark Handsome Stranger
0%
Desire Walks On(Bonus)(1993) Te Quedaras (En la Mañana)
0%
Brigade(1990) The Night
0%
Jupiters Darling(2004) The Perfect Goodbye
0%
Red Velvet Car(2010) There You Go
0%
Private Audition(1982) The Situation
0%
Rock the House Live!(1991) The Way Back Machine
0%
Brigade(Bonus)(1990) The Will to Love
0%
Heart(1985) The Wolf
0%
Desire Walks On(1993) The Woman in Me
0%
Jupiters Darling(2004) Things
0%
Private Audition(1982) This Man Is Mine
0%
Passionworks(1983) Together Now
0%
Little Queen(Bonus)(2004) Too Long a Time
0%
Little Queen(1977) Treat Me Well
0%
Alive in Seattle(2003) Two Faces of Eve
0%
Fanatic(Bonus)(2012) Two Silver Rings
0%
Strange Euphoria(2012) Unconditional Love
0%
Brigade(1990) Under the Sky
0%
The Road Home(1995) (Up On) Cherry Blossom Road
0%
Jupiters Darling(2004) Vainglorious
0%
Desire Walks On(1993) Voodoo Doll
0%
Bad Animals(1987) Wait for an Answer
0%
Fanatic(2012) Walkin' Good
0%
Heart(1985) What He Don't Know
0%
Red Velvet Car(2010) Wheels
0%
Dreamboat Annie(1975) White Lightning & Wine
0%
Bad Animals(1987) Who Will You Run To
0%
Brigade(1990) Wild Child
0%
Desire Walks On(1993) Will You Be There (In the Morning)
0%
Red Velvet Car(2010) WTF
0%
Bad Animals(1987) You Ain't So Tough
0%
Fanatic(Bonus)(2012) Zingara
0%
No matching quizzes found
Score Distribution
Percent of People with Each Score
Percentile by Number Answered
Your Score History
You have not taken this quiz